[Event "SR 3. liga A2 2007/2008"]
[Site "?"]
[Date "2007.11.11"]
[Round "3"]
[White "Hudacek, Josef"]
[Black "Ivan, Imrich ml"]
[Result "1-0"]
[WhiteElo "2081"]
[BlackElo "2012"]
[PlyCount "113"]
[EventDate "2007.??.??"]

1. e4 e6 2. d3 c5 3. g3 Nc6 4. Bg2 d5 5. Nc3 dxe4 6. dxe4 Qxd1+ 7. Nxd1 Nf6 8.
Ne3 e5 9. Bd2 Be6 10. O-O-O O-O-O 11. h3 Be7 12. Ne2 Nd4 13. Nc3 Bd6 14. Rhe1
Rhe8 15. Ncd5 Bxd5 16. exd5 e4 17. Nc4 b5 18. Nxd6+ Rxd6 19. Bf4 Rdd8 20. Bg5
Nf3 21. Bxf3 exf3 22. Bxf6 gxf6 23. Rxe8 Rxe8 24. b3 Re2 25. Rd2 Re1+ 26. Kb2
Re2 27. Kc3 b4+ 28. Kd3 Re5 29. c4 bxc3 30. Kxc3 Kd7 31. Rd3 Rf5 32. d6 a6 33.
Kc4 Re5 34. Rxf3 f5 35. Rd3 Re2 36. f4 Rxa2 37. Kxc5 Rc2+ 38. Kb6 Ra2 39. Kc5
Rc2+ 40. Kb4 Re2 41. Ka5 Ra2+ 42. Kb6 Ra3 43. Kc5 a5 44. Re3 a4 45. Re7+ Kd8
46. bxa4 Rxa4 47. Rxf7 Ra3 48. Rg7 h5 49. h4 Rd3 50. Kc6 Rc3+ 51. Kd5 Re3 52.
Rg5 Kd7 53. Rxh5 Rxg3 54. Rh7+ Ke8 55. Ke6 Rg6+ 56. Ke5 Kd8 57. h5 1-0

[Event "SR 3. liga A2 2007/2008"]
[Site "?"]
[Date "2007.11.11"]
[Round "3"]
[White "Csefalvay, Stefan"]
[Black "Strakac, Petr"]
[Result "0-1"]
[WhiteElo "1948"]
[BlackElo "2029"]
[PlyCount "54"]
[EventDate "2007.??.??"]

1. Nf3 Nf6 2. g3 Nc6 3. Bg2 e5 4. d3 d5 5. O-O Bd6 6. Nbd2 Ne7 7. c4 c6 8. cxd5
cxd5 9. Nb3 O-O 10. Bg5 Nc6 11. Nfd2 Be7 12. e4 dxe4 13. dxe4 Bg4 14. Qe1 Nb4
15. Qb1 Be2 16. a3 Bd3 17. Qd1 Bxf1 18. Bxf1 Nc6 19. Be3 Qd7 20. Bb5 a6 21. Bf1
b5 22. f3 Ne8 23. Qe1 Nc7 24. Qf2 Ne6 25. Nb1 Ned4 26. Nxd4 exd4 27. Qd2 Ne5
0-1

[Event "SR 3. liga A2 2007/2008"]
[Site "?"]
[Date "2007.11.11"]
[Round "3"]
[White "Kubis, Ivan"]
[Black "Vizvari, Ludovit"]
[Result "1/2-1/2"]
[WhiteElo "2018"]
[BlackElo "2050"]
[PlyCount "67"]
[EventDate "2007.??.??"]

1. e4 c5 2. Nf3 e6 3. d4 cxd4 4. Nxd4 a6 5. Bd3 Nf6 6. O-O Nc6 7. Nxc6 dxc6 8.
c4 e5 9. h3 Be7 10. Nc3 O-O 11. Be3 b6 12. Qe2 Qc7 13. f4 Bd6 14. f5 Nd7 15.
Rad1 f6 16. Bc2 Bc5 17. Bxc5 Nxc5 18. b4 Nb7 19. Bb3 Kh8 20. Rf3 Bd7 21. Rfd3
Rad8 22. Qe3 Bc8 23. Na4 Rxd3 24. Rxd3 c5 25. a3 a5 26. bxc5 bxc5 27. Qd2 Rd8
28. Nc3 Rxd3 29. Qxd3 Qd7 30. Qd5 Qxd5 31. cxd5 Bd7 32. Kf2 Kg8 33. Ke3 Kf8 34.
h4 $11 1/2-1/2

[Event "SR 3. liga A2 2007/2008"]
[Site "?"]
[Date "2007.11.11"]
[Round "3"]
[White "Varkonyi, Miklos"]
[Black "Londin, Martin"]
[Result "0-1"]
[WhiteElo "1746"]
[BlackElo "1985"]
[PlyCount "56"]
[EventDate "2007.??.??"]

1. e4 e5 2. Nf3 Nc6 3. Bb5 a6 4. Ba4 Be7 5. O-O Nf6 6. Re1 O-O 7. c3 b5 8. Bc2
d5 9. exd5 Qxd5 10. d3 Bg4 11. Bb3 Qd6 12. Qe2 Rad8 13. Rd1 Rfe8 14. Bg5 h6 15.
Bxf6 Qxf6 16. Nbd2 Qg6 17. Ne4 Kh8 18. Ng3 Bc5 19. h3 Bxh3 20. Kh2 Bg4 21. Bc2
f5 22. Rd2 Bd6 23. Kg1 Qf6 24. Qf1 Ne7 25. Nh2 Qg5 26. Qc1 Nd5 27. Nxg4 Qxg4
28. Qd1 Qg5 {biely èas} 0-1

[Event "SR 3. liga A2 2007/2008"]
[Site "?"]
[Date "2007.11.11"]
[Round "3"]
[White "Vogl, Zdenek"]
[Black "Magyarics, Jozef"]
[Result "1-0"]
[WhiteElo "1883"]
[BlackElo "1567"]
[PlyCount "57"]
[EventDate "2007.??.??"]

1. e4 e5 2. Nf3 Nc6 3. Bb5 d6 4. d4 exd4 5. Nxd4 Bd7 6. O-O Nge7 7. Be3 g6 8.
c3 Bg7 9. Nd2 O-O 10. Bc4 Ne5 11. Bb3 c5 12. N4f3 N7c6 13. Nxe5 Nxe5 14. h3 b5
15. f4 Nc6 16. Bd5 Rc8 17. f5 Ne5 18. Nf3 Qe7 19. Nxe5 Bxe5 20. Bh6 Qh4 21. Qd2
Qg3 22. Rf3 Qh2+ 23. Kf2 Bg7 24. Bf4 Bh6 25. Bxh6 Qe5 26. Bxf8 Rxf8 27. f6 Qh5
28. Qf4 Qe5 29. Qh6 1-0

[Event "SR 3. liga A2 2007/2008"]
[Site "?"]
[Date "2007.11.11"]
[Round "3"]
[White "Korosi, Gejza"]
[Black "Vepy, Ivan"]
[Result "0-1"]
[WhiteElo "1534"]
[BlackElo "1973"]
[PlyCount "96"]
[EventDate "2007.??.??"]

1. e4 e5 2. c4 Nc6 3. Nf3 Nf6 4. d3 d6 5. a3 Bg4 6. Be2 Be7 7. Be3 O-O 8. O-O
Ne8 9. Nc3 f5 10. exf5 Bxf5 11. Nd5 Bf6 12. Nxf6+ Qxf6 13. Bg5 Qg6 14. Be3 Bd7
15. Nh4 Qf6 16. Nf3 h6 17. Qc2 Qe7 18. Rad1 Bf5 19. Nd2 Nf6 20. Bf3 Rae8 21.
Ne4 Nd7 22. Ng3 Bh7 23. Be4 Bxe4 24. Nxe4 Nf6 25. f3 Kh8 26. b4 a6 27. c5 Nd5
28. Bf2 Nf4 29. cxd6 cxd6 30. Rfe1 Qe6 31. Bb6 Qg6 32. Kh1 Rc8 33. Qb2 d5 34.
Ng3 Rf6 35. Be3 Nxd3 36. Qe2 Nxe1 37. Qxe1 d4 38. Bf2 Re6 39. Ne4 b6 40. Rc1
Rd8 41. Qd1 Ne7 42. Qa4 Nd5 43. Qb3 Nf4 44. Ng3 Nd3 45. Rf1 Rc6 46. Ne4 Nxf2+
47. Nxf2 Rc2 48. Ne4 Qxg2# 0-1

[Event "SR 3. liga A2 2007/2008"]
[Site "?"]
[Date "2007.11.11"]
[Round "3"]
[White "Hrubsa, Marian"]
[Black "Bogi, Peter"]
[Result "1-0"]
[WhiteElo "1719"]
[BlackElo "1553"]
[PlyCount "81"]
[EventDate "2007.??.??"]

1. e4 e5 2. Nf3 Nc6 3. Bb5 a6 4. Bxc6 dxc6 5. O-O Bg4 6. h3 Bh5 7. g4 Bg6 8.
Nxe5 Qe7 9. d4 O-O-O 10. Bf4 f6 11. Nxg6 hxg6 12. Qf3 Rxd4 13. Nc3 Qe6 14. Rad1
Rxd1 15. Rxd1 Bd6 16. Qd3 Kd7 17. Na4 Ke7 18. Qg3 g5 19. Bxd6+ cxd6 20. Nc5 Qe5
21. Qxe5+ dxe5 22. Rd7+ Kf8 23. Ne6+ Ke8 24. Rxb7 Rxh3 25. Nxg7+ Kf8 26. Nf5
Rh8 27. Ra7 Ke8 28. Rxa6 Kd7 29. Ra7+ Kc8 30. Ra8+ Kd7 31. a4 Kc7 32. Kg2 Kb7
33. Rf8 Kb6 34. Ne7 Nxe7 35. Rxh8 Ka5 36. b3 Ng6 37. Rh6 Nf4+ 38. Kf3 Ne6 39.
c3 Nf4 40. Rxf6 Kb6 41. Rxf4 1-0

[Event "SR 3. liga A2 2007/2008"]
[Site "?"]
[Date "2007.11.11"]
[Round "3"]
[White "Szabo, Julius"]
[Black "Brisudova, Veronika"]
[Result "1/2-1/2"]
[WhiteElo "1350"]
[BlackElo "1751"]
[PlyCount "76"]
[EventDate "2007.??.??"]

1. e4 e5 2. Nf3 Nc6 3. Bc4 Bc5 4. c3 Nf6 5. d4 exd4 6. cxd4 Bb4+ 7. Nc3 d5 8.
exd5 Nxd5 9. Bd2 Be6 10. Nxd5 Bxd2+ 11. Qxd2 Bxd5 12. Qe2+ Ne7 13. Bxd5 Qxd5
14. O-O Qd6 15. Rfe1 Kf8 16. Rad1 c6 17. Rd3 Nd5 18. Qe4 f6 19. Rd2 Kf7 20.
Rde2 g6 21. Qh4 Rad8 22. Re6 Qc7 23. Nd2 Rd6 24. Rxd6 Qxd6 25. g3 Kg7 26. a3
Qd7 27. Nf3 Re8 28. Rxe8 Qxe8 29. Qg4 h5 30. Qh3 Qe2 31. Qd7+ Kh6 32. Nh4 Qxb2
33. Qe8 Qb1+ 34. Kg2 Qc2 35. Kh3 Kg7 36. Qd7+ Kg8 37. Qe8+ Kg7 38. Qd7+ Kg8
1/2-1/2

[Event "SR 3. liga A2 2007/2008"]
[Site "?"]
[Date "2007.11.11"]
[Round "3"]
[White "Provaznik, Michal"]
[Black "Kovacocy, Pavel"]
[Result "1/2-1/2"]
[WhiteElo "2186"]
[BlackElo "2244"]
[PlyCount "63"]
[EventDate "2007.??.??"]

1. Nf3 Nf6 2. d4 g6 3. g3 Bg7 4. Bg2 O-O 5. O-O d6 6. b3 e5 7. dxe5 Ng4 8. Bb2
Nxe5 9. Nxe5 dxe5 10. Qxd8 Rxd8 11. Na3 Na6 12. Rad1 Re8 13. Nb5 Bf8 14. a3 f6
15. b4 Kf7 16. Bd5+ Kg7 17. Bg2 Kf7 18. Nc3 Rb8 19. f4 exf4 20. Rxf4 Bd6 21.
Rxd6 cxd6 22. Ne4 Ke7 23. Nxf6 Rf8 24. Re4+ Be6 25. Nxh7 Rfe8 26. Nf6 Rf8 27.
Bh3 Nc7 28. Nd5+ Kd7 29. Bxe6+ Nxe6 30. Nf6+ Ke7 31. Nd5+ Kd7 32. Nf6+ 1/2-1/2

[Event "SR 3. liga A2 2007/2008"]
[Site "?"]
[Date "2007.11.11"]
[Round "3"]
[White "Cechovic, Stefan"]
[Black "Horak, Ivan"]
[Result "1-0"]
[WhiteElo "2164"]
[BlackElo "2140"]
[PlyCount "49"]
[EventDate "2007.??.??"]

1. Nf3 d5 2. d4 Nf6 3. g3 c5 4. Bg2 e6 5. O-O Nc6 6. e3 cxd4 7. exd4 Be7 8. b3
O-O 9. c4 b6 10. Nc3 Bb7 11. Bb2 Rc8 12. cxd5 Nxd5 13. Nxd5 exd5 14. Rc1 Ba6
15. Re1 Bb4 16. Re3 Qd6 17. Ne5 Nd8 18. Rxc8 Bxc8 19. Qc1 Qb8 20. Bxd5 Bd6 21.
Bg2 Bxe5 22. Rxe5 Bd7 23. d5 Re8 24. Rxe8+ Bxe8 25. Qg5 1-0

[Event "SR 3. liga A2 2007/2008"]
[Site "?"]
[Date "2007.11.11"]
[Round "3"]
[White "Kovarik, Oto"]
[Black "Liptak, Tomas"]
[Result "1-0"]
[WhiteElo "2054"]
[BlackElo "1987"]
[PlyCount "101"]
[EventDate "2007.??.??"]

1. e4 c5 2. Nf3 d6 3. d4 cxd4 4. Nxd4 Nf6 5. Nc3 e6 6. Be2 a6 7. Be3 Be7 8. O-O
O-O 9. a4 Nc6 10. f4 Qc7 11. Bf3 Re8 12. Nb3 Bf8 13. Qd2 Na5 14. Nxa5 Qxa5 15.
Nd5 Qxd2 16. Nxf6+ gxf6 17. Bxd2 Bd7 18. Bc3 Be7 19. e5 fxe5 20. fxe5 dxe5 21.
Bh5 Rf8 22. Bxe5 Rac8 23. Bc3 f6 24. Bf3 Bc6 25. Rad1 Bxf3 26. Rxf3 Rcd8 27.
Rg3+ Kf7 28. Rf1 Rg8 29. Rh3 Rg7 30. Rh6 Rg6 31. Rxh7+ Rg7 32. Rxg7+ Kxg7 33.
Kf2 Kg6 34. Ke2 Rd5 35. Rf3 Rh5 36. h3 Rh4 37. b3 e5 38. Be1 Re4+ 39. Re3 Rf4
40. g3 Rd4 41. c3 Rd8 42. Rd3 Kf5 43. g4+ Kf4 44. Bd2+ Ke4 45. Rxd8 Bxd8 46. h4
f5 47. Bg5 Bb6 48. h5 fxg4 49. h6 g3 50. Bh4 g2 51. Bf2 1-0

[Event "SR 3. liga A2 2007/2008"]
[Site "?"]
[Date "2007.11.11"]
[Round "3"]
[White "Vagovsky, Jozef"]
[Black "Sefcik, Marek"]
[Result "0-1"]
[WhiteElo "1983"]
[BlackElo "1955"]
[PlyCount "76"]
[EventDate "2007.??.??"]

1. d4 Nc6 2. d5 Ne5 3. e4 e6 4. dxe6 fxe6 5. Nf3 Nxf3+ 6. Qxf3 Qf6 7. Nc3 Qxf3
8. gxf3 a6 9. Be3 d6 10. Rg1 Bd7 11. f4 Ne7 12. Bh3 O-O-O 13. O-O-O g6 14. Bd4
Rg8 15. Bf6 Re8 16. Kb1 Bh6 17. f5 Nc6 18. fxg6 Rxg6 19. Rxg6 hxg6 20. Rg1 Rg8
21. Ne2 e5 22. Bg4 Bxg4 23. Rxg4 Kd7 24. c3 Ke6 25. Bg5 Bxg5 26. Rxg5 Kf6 27.
Rg2 Rh8 28. Ng1 Nd8 29. Nf3 Ne6 30. Kc1 Nf4 31. Rg3 Ne2+ 32. Kd2 Nxg3 33. hxg3
Rh1 34. Ne1 Kg5 35. a4 b5 36. a5 c6 37. b4 Kg4 38. Ke2 Rxe1+ 0-1

[Event "SR 3. liga A2 2007/2008"]
[Site "?"]
[Date "2007.11.11"]
[Round "3"]
[White "Jozefovic, Milan"]
[Black "Liptak, Dusan"]
[Result "1-0"]
[WhiteElo "1932"]
[BlackElo "1729"]
[PlyCount "119"]
[EventDate "2007.??.??"]

1. e4 e6 2. Nc3 c5 3. Nf3 Nc6 4. d4 cxd4 5. Nxd4 Nf6 6. Bb5 Qc7 7. O-O Be7 8.
a3 O-O 9. Bg5 Nxd4 10. Qxd4 Ng4 11. e5 Bxg5 12. Qxg4 Qxe5 13. f4 Qc5+ 14. Kh1
Be7 15. Bd3 f5 16. Qe2 a6 17. Nd1 b5 18. b4 Qb6 19. c4 bxc4 20. Bxc4 Bb7 21.
Ne3 Kh8 22. Rad1 Rad8 23. Bd3 Bc8 24. Nxf5 Bxb4 25. Nxg7 Kxg7 26. Qb2+ Kg8 27.
axb4 Rf7 28. Rf3 Rg7 29. f5 Bb7 30. Rg3 Rxg3 31. hxg3 Rf8 32. g4 Qe3 33. Qd2
Qh3+ 34. Kg1 Qxg4 35. fxe6 dxe6 36. Qc2 h5 37. Bh7+ Kh8 38. Qc3+ Kxh7 39. Rd7+
Kh6 40. Rxb7 Rg8 41. Qe3+ Rg5 42. Qd2 Kg6 43. Rb6 Qc4 44. Qe3 Kf6 45. Rb8 Qd5
46. Rf8+ Ke7 47. Rf2 Qd1+ 48. Rf1 Qd5 49. Qa7+ Qd7 50. Rf7+ Kxf7 51. Qxd7+ Kf6
52. Qd8+ Kg6 53. Qd6 Rb5 54. Qxe6+ Kg7 55. Qxa6 Rxb4 56. Qa7+ Kg6 57. Qa6+ Kf7
58. Qa5 Rh4 59. g3 Rg4 60. Qxh5+ 1-0

[Event "SR 3. liga A2 2007/2008"]
[Site "?"]
[Date "2007.11.11"]
[Round "3"]
[White "Hornak, Pavol"]
[Black "Bilovsky, Milan"]
[Result "0-1"]
[WhiteElo "1619"]
[BlackElo "1872"]
[PlyCount "72"]
[EventDate "2007.??.??"]

1. d4 d5 2. c4 c6 3. Nf3 Bf5 4. e3 e6 5. Nh4 Qxh4 6. Nd2 Bd6 7. c5 Bc7 8. Nf3
Qd8 9. h3 Nf6 10. Nh4 Bg6 11. Nxg6 hxg6 12. a3 Nbd7 13. Be2 Ne4 14. O-O Qg5 15.
f4 Qe7 16. Kh2 f5 17. Bf3 Ndf6 18. b4 g5 19. g4 gxf4 20. exf4 Ng5 21. gxf5
Rxh3+ 22. Kg2 Rxf3 23. Rxf3 Nxf3 24. Qxf3 exf5 25. Bd2 O-O-O 26. Re1 Ne4 27.
Qh3 Qf6 28. Be3 g6 29. Rg1 Rh8 30. Qf3 g5 31. Kf1 g4 32. Qe2 Rh3 33. Ke1 Qh4+
34. Bf2 Qxf2+ 35. Qxf2 Nxf2 36. Kxf2 Bxf4 0-1

[Event "SR 3. liga A2 2007/2008"]
[Site "?"]
[Date "2007.11.11"]
[Round "3"]
[White "Hrubos, Milan"]
[Black "Olos, Stanislav"]
[Result "0-1"]
[WhiteElo "1726"]
[BlackElo "1565"]
[PlyCount "134"]
[EventDate "2007.??.??"]

1. e4 e5 2. Nf3 Nc6 3. Bb5 a6 4. Ba4 d6 5. O-O Bg4 6. c3 Nf6 7. Bc2 Be7 8. h3
Bh5 9. d3 d5 10. exd5 Nxd5 11. Nbd2 f5 12. Re1 O-O 13. Nf1 Bh4 14. Ng3 Bxg3 15.
fxg3 Qd6 16. Bb3 Kh8 17. Bxd5 Qxd5 18. Be3 e4 19. dxe4 Qxd1 20. Raxd1 fxe4 21.
g4 Bxg4 22. hxg4 exf3 23. gxf3 Rxf3 24. Kg2 Rf7 25. Rf1 Rxf1 26. Rxf1 Kg8 27.
Bf4 Rf8 28. Bxc7 Rxf1 29. Kxf1 Kf7 30. Ke2 Kf6 31. Kf3 Ne5+ 32. Kg3 Nd3 33. b4
Nc1 34. c4 Nxa2 35. b5 axb5 36. cxb5 Nc3 37. b6 g6 38. Kh4 Ne4 39. Bd8+ Kf7 40.
g5 Ke6 41. Kg4 Nc3 42. Bf6 Nd5 43. Bd4 Kd6 44. Kf3 Kc6 45. Ke4 Kd6 46. Be5+ Ke6
47. Bd4 Ne7 48. Bc5 Nf5 49. Bf2 h5 50. gxh6 Nxh6 51. Be3 Nf7 52. Bg1 Nd6+ 53.
Kf4 Nf7 54. Bf2 g5+ 55. Kg4 Ke5 56. Bg3+ Kf6 57. Bc7 Ne5+ 58. Bxe5+ Kxe5 59.
Kxg5 Kd6 60. Kf4 Kc6 61. Ke3 Kxb6 62. Kd2 Kb5 63. Kd1 Kb4 64. Kd2 Kb3 65. Kd1
b5 66. Kc1 Ka2 67. Kc2 b4 0-1

[Event "SR 3. liga A2 2007/2008"]
[Site "?"]
[Date "2007.11.11"]
[Round "3"]
[White "Lelkes, Geza"]
[Black "Mihalik, Anton"]
[Result "0-1"]
[WhiteElo "1795"]
[BlackElo "1981"]
[PlyCount "72"]
[EventDate "2007.??.??"]

1. e4 c5 2. Nc3 d6 3. Bc4 e6 4. a3 a6 5. Ba2 Nf6 6. d3 Be7 7. Nge2 Nc6 8. O-O
O-O 9. Ng3 Qc7 10. f4 b5 11. Nce2 Bb7 12. c4 Rfd8 13. b3 d5 14. e5 Ne8 15. cxb5
axb5 16. Bb2 c4 17. d4 Bxa3 18. Bxa3 Rxa3 19. bxc4 bxc4 20. f5 Rda8 21. Nc1 Nb4
22. Rf2 Bc6 23. fxe6 fxe6 24. Qf1 Qe7 25. Qe1 Ba4 26. Rb2 Nc2 27. Rxc2 Bxc2 28.
Nge2 Qg5 29. Nc3 Nc7 30. N1e2 Qe3+ 31. Qf2 Qxf2+ 32. Kxf2 Bb3 33. Nc1 Bxa2 34.
N3xa2 Nb5 35. Rb1 Rxa2+ 36. Nxa2 Rxa2+ 0-1

[Event "SR 3. liga A2 2007/2008"]
[Site "?"]
[Date "2007.11.11"]
[Round "3"]
[White "Curidlo, Jan"]
[Black "Kalmar, Tamas"]
[Result "1/2-1/2"]
[WhiteElo "2042"]
[BlackElo "1529"]
[PlyCount "51"]
[EventDate "2007.??.??"]

1. e4 e6 2. d4 d5 3. Nd2 dxe4 4. Nxe4 Bd7 5. Nf3 Bc6 6. Qd3 Nd7 7. Be2 Ngf6 8.
Ng3 Be7 9. O-O O-O 10. h3 b6 11. c4 Bb7 12. Be3 c5 13. Rad1 Qc7 14. Qc3 Rfd8
15. a3 Rac8 16. Rfe1 cxd4 17. Nxd4 Ba6 18. Rc1 Nc5 19. b4 Nce4 20. Nxe4 Nxe4
21. Qc2 Nd6 22. Bf4 Qd7 23. Bxd6 Bxd6 24. Red1 Qe7 25. Nf3 Bb7 26. Qc3 1/2-1/2

[Event "SR 3. liga A2 2007/2008"]
[Site "?"]
[Date "2007.11.17"]
[Round "3"]
[White "Janko, Ladislav"]
[Black "Doucha, Ludvik"]
[Result "1-0"]
[WhiteElo "2195"]
[BlackElo "2102"]
[PlyCount "59"]
[EventDate "2007.??.??"]

1. e4 e5 2. Nf3 d6 3. Bc4 Be6 4. Bxe6 fxe6 5. d4 exd4 6. Nxd4 Qd7 7. Nc3 e5 8.
Nf3 Nc6 9. O-O Be7 $11 10. Qe2 Nf6 11. Bd2 O-O 12. Rad1 Rae8 13. Bc1 a6 14. Rd3
Bd8 15. Rfd1 Qg4 16. h3 Qh5 17. Bg5 h6 18. Bxf6 Rxf6 19. Nd4 Qxe2 20. Ndxe2
Ref8 21. f3 R6f7 22. Nd5 g6 23. c4 a5 24. a3 b6 25. b4 axb4 26. axb4 h5 27. Rc1
Bg5 28. Ra1 Kg7 29. Nec3 Bd8 30. Nb5 {èierny èas} 1-0

[Event "SR 3. liga A2 2007/2008"]
[Site "?"]
[Date "2007.11.17"]
[Round "3"]
[White "Stetina, Erik"]
[Black "Puobis, Jozef"]
[Result "1/2-1/2"]
[WhiteElo "2085"]
[BlackElo "2021"]
[PlyCount "43"]
[EventDate "2007.??.??"]

1. e4 e5 2. Nf3 Nc6 3. Bb5 a6 4. Ba4 Bc5 5. O-O Nge7 6. c3 O-O 7. d4 exd4 8.
cxd4 Ba7 9. d5 Nb8 10. Re1 d6 11. Be3 Bxe3 12. Rxe3 Nd7 13. Nbd2 Nc5 $11 14.
Rc1 Ng6 15. b4 Nxa4 16. Qxa4 Bd7 17. Qc2 Rc8 18. Rc3 c6 19. Nc4 cxd5 20. exd5
Qf6 21. Qd2 Bg4 22. Na5 1/2-1/2

[Event "SR 3. liga A2 2007/2008"]
[Site "?"]
[Date "2007.11.17"]
[Round "3"]
[White "Kubica, Adrian"]
[Black "Sturdik, Igor"]
[Result "1/2-1/2"]
[WhiteElo "1938"]
[BlackElo "2020"]
[PlyCount "29"]
[EventDate "2007.??.??"]

1. e4 Nf6 2. e5 Nd5 3. d4 d6 4. exd6 exd6 5. c4 Nb6 6. Nf3 Bg4 7. b3 Be7 8. Be2
O-O 9. O-O Bf6 10. Bb2 Nc6 11. Qd2 d5 12. c5 Nc8 13. Na3 Re8 14. Rfe1 h6 15.
Qf4 $11 1/2-1/2

[Event "SR 3. liga A2 2007/2008"]
[Site "?"]
[Date "2007.11.17"]
[Round "3"]
[White "Bukovsky, Milan"]
[Black "Bott, Tamas"]
[Result "1/2-1/2"]
[WhiteElo "2024"]
[BlackElo "1827"]
[PlyCount "51"]
[EventDate "2007.??.??"]

1. c4 Nf6 2. Nc3 e6 3. Nf3 d5 4. d4 Bb4 5. Bg5 Bxc3+ 6. bxc3 c6 7. Bxf6 Qxf6 8.
e3 O-O 9. Bd3 Kh8 10. O-O Nd7 11. Rb1 Re8 12. cxd5 cxd5 13. e4 dxe4 14. Bxe4
Nb6 15. Ne5 Re7 16. a4 Rc7 $11 17. a5 Nd7 18. Qa4 g6 19. a6 Nb6 $11 20. Qa3 Kg7
21. Qd6 Qe7 22. Qxe7 Rxe7 23. c4 f6 24. axb7 Bxb7 25. Bxb7 Rxb7 26. Nf3 1/2-1/2

[Event "SR 3. liga A2 2007/2008"]
[Site "?"]
[Date "2007.11.17"]
[Round "3"]
[White "Kosar, Mikulas st"]
[Black "Krist, Milan"]
[Result "0-1"]
[WhiteElo "1902"]
[BlackElo "2055"]
[PlyCount "54"]
[EventDate "2007.??.??"]

1. e4 e6 2. d4 d5 3. e5 c5 4. c3 Nc6 5. Nf3 Qb6 6. Na3 cxd4 7. cxd4 Bb4+ 8. Ke2
Bxa3 9. bxa3 Nge7 10. Qd3 Nf5 11. Rb1 Qc7 12. Bb2 Bd7 13. Kd2 O-O 14. g4 Nfe7
15. h4 Na5 16. Qc2 Qxc2+ 17. Kxc2 Rfc8+ 18. Kd2 Nc4+ 19. Bxc4 dxc4 20. Bc3 Bc6
21. Ke2 Nd5 22. Rbc1 b5 23. Rhd1 a5 24. Rd2 b4 25. axb4 axb4 26. Ba1 c3 27.
Rdc2 Bb5+ 0-1

[Event "SR 3. liga A2 2007/2008"]
[Site "?"]
[Date "2007.11.17"]
[Round "3"]
[White "Mosny, Jaroslav"]
[Black "Kosar, Mikulas ml"]
[Result "1-0"]
[WhiteElo "2014"]
[BlackElo "1935"]
[PlyCount "53"]
[EventDate "2007.??.??"]

1. d4 e6 2. Nf3 b6 3. c4 Bb7 4. e3 Nf6 5. Bd3 d5 6. O-O dxc4 7. Bxc4 Bd6 8. b3
O-O 9. Bb2 Nbd7 10. Nbd2 c5 11. Qe2 Qe7 12. Ne5 cxd4 13. exd4 Nd5 14. Ne4 Nxe5
15. dxe5 Bc5 16. Qg4 Kh8 17. Rae1 Ba3 $11 18. Bxa3 Qxa3 19. Nd6 Ba6 20. Bxd5
exd5 21. Re3 Bxf1 22. Rg3 g6 23. Qf4 Be2 24. h4 Kg8 25. Qf6 Qc1+ 26. Kh2 Qh6
27. Nf5 1-0

[Event "SR 3. liga A2 2007/2008"]
[Site "?"]
[Date "2007.11.17"]
[Round "3"]
[White "Sandor, Stefan"]
[Black "Puchart, Vladimir"]
[Result "0-1"]
[WhiteElo "1565"]
[BlackElo "2024"]
[PlyCount "58"]
[EventDate "2007.??.??"]

1. e4 c5 2. Nf3 d6 3. Nc3 Nf6 4. d4 cxd4 5. Nxd4 a6 6. Be2 e5 7. Nf3 Qc7 8. O-O
Be7 9. h3 O-O 10. Bd3 Be6 11. Ng5 Bc4 12. Re1 Nbd7 13. Nf3 Rac8 14. Nh4 g6 15.
Bh6 $11 Rfe8 16. Qd2 Be6 17. Nf5 Bxf5 18. exf5 d5 19. fxg6 hxg6 20. Rac1 Bf8
21. Bxf8 Nxf8 22. Bf1 Rcd8 23. Qg5 Kg7 24. Ne2 Ne6 25. Qg3 Ne4 26. Qe3 f5 27.
f3 f4 28. Qd3 Qb6+ 29. Kh1 Nf2+ 0-1

[Event "SR 3. liga A2 2007/2008"]
[Site "?"]
[Date "2007.11.17"]
[Round "3"]
[White "Jurik, Michal"]
[Black "Csente, David"]
[Result "1-0"]
[WhiteElo "1931"]
[BlackElo "1433"]
[PlyCount "39"]
[EventDate "2007.??.??"]

1. e4 e5 2. Nf3 Nc6 3. Bb5 Nf6 4. O-O Bc5 5. Nxe5 Bxf2+ 6. Rxf2 Nxe5 7. d4 Neg4
8. Rf1 c6 9. e5 cxb5 10. exf6 Nxf6 11. Re1+ Kf8 12. Qe2 a6 13. Bg5 d5 14. Nc3
Be6 15. Rf1 Rg8 16. Qe5 h6 17. Bxh6 Ng4 18. Qxe6 Nxh6 19. Nxd5 Qe8 20. Qd6+ 1-0

[Event "SR 3. liga A2 2007/2008"]
[Site "?"]
[Date "2007.10.27"]
[Round "3"]
[White "Sebesta, Radovan"]
[Black "Pagerka, Martin"]
[Result "1/2-1/2"]
[WhiteElo "2118"]
[BlackElo "2099"]
[PlyCount "132"]
[EventDate "2007.??.??"]

1. d4 d5 2. c4 c6 3. cxd5 cxd5 4. Nc3 Nc6 5. Nf3 g6 6. Bf4 Bg7 7. e3 a6 8. Bd3
Nf6 9. O-O O-O 10. Rc1 Be6 11. h3 Ne8 12. Na4 f6 13. Nc5 Bc8 14. Be2 e6 15. b3
Nc7 16. Qd2 e5 17. dxe5 fxe5 18. Bg5 Qe8 19. Bh4 e4 20. Nh2 Ne5 21. Nxb7 Bxb7
22. Rxc7 Bc6 23. Rc1 Kh8 24. Bg3 Rc8 25. Rxc8 Qxc8 26. Ng4 Nxg4 27. Bxg4 Qb7
28. Qc2 Bb5 29. Qc7 Qxc7 30. Rxc7 d4 31. exd4 Bxd4 32. Re7 Bd3 33. Be5+ Bxe5
34. Rxe5 Rd8 35. Re7 Rb8 36. Be6 Rb6 37. Bd5 Bb1 $11 38. a3 Ba2 39. Rxe4 Bxb3
40. Bxb3 Rxb3 41. Ra4 Rb6 42. Rb4 Rc6 43. Kf1 Kg7 44. a4 Kf7 45. Rb7+ Ke6 46.
g3 h5 47. Ke2 Kd5 48. Rb4 Rf6 49. f4 Re6+ 50. Kf3 Rc6 51. Rb3 Rf6 52. Re3 Rb6
53. g4 hxg4+ 54. hxg4 Rf6 55. Re5+ Kd6 56. g5 Rf8 57. Ra5 Ra8 58. Ke4 Re8+ 59.
Re5 Rb8 60. Rd5+ Ke6 61. Rd4 Rb1 62. Rc4 Kd6 63. Kd4 Rf1 64. Kc3 a5 65. Re4
Rc1+ 66. Kd3 Ra1 $11 1/2-1/2

[Event "SR 3. liga A2 2007/2008"]
[Site "?"]
[Date "2007.10.27"]
[Round "3"]
[White "Hecko, Dusan"]
[Black "Vach, Pavol"]
[Result "1-0"]
[WhiteElo "2123"]
[BlackElo "2104"]
[PlyCount "99"]
[EventDate "2007.??.??"]

1. d4 e6 2. e4 d5 3. Nd2 Nf6 4. e5 Nfd7 5. f4 c5 6. c3 f6 7. exf6 Nxf6 8. Ndf3
Bd6 9. Bd3 O-O 10. Ne2 Nc6 11. O-O Qb6 12. Kh1 Bd7 13. Ne5 Bxe5 14. fxe5 Ne4
15. Rxf8+ Rxf8 16. Bxe4 dxe4 17. b3 cxd4 18. cxd4 Nb4 19. Be3 Nd3 20. Qd2 Qd8
21. Kg1 Bc6 22. a3 a6 23. b4 Qd5 24. Qa2 Rc8 25. Qxd5 Bxd5 26. Rd1 Kf8 27. Nf4
Nb2 28. Rc1 Nc4 29. Rc3 Ke7 30. g3 Kd7 31. Ne2 a5 32. bxa5 $11 Ra8 33. Bc1 Rxa5
34. h4 Rb5 35. Kh2 Rb1 36. Nf4 h6 37. Kh3 Na5 38. Nh5 Nb3 39. Be3 g6 40. Nf6+
Kd8 41. Kg4 Bc6 42. Ng8 Bd5 43. Nxh6 Rd1 44. Bg5+ Kd7 45. Ng8 Rf1 46. Nf6+ Rxf6
47. exf6 Nxd4 48. f7 e5 49. f8=N+ Ke8 50. Nxg6 1-0

[Event "SR 3. liga A2 2007/2008"]
[Site "?"]
[Date "2007.10.27"]
[Round "3"]
[White "Palka, Miroslav"]
[Black "Diviak, Rastislav"]
[Result "1/2-1/2"]
[WhiteElo "2045"]
[BlackElo "2014"]
[PlyCount "51"]
[EventDate "2007.??.??"]

1. c4 e5 2. Nc3 Nc6 3. e4 Nf6 4. g3 Bc5 5. Bg2 O-O 6. Nge2 d6 7. O-O Be6 8. d3
Qd7 9. Nd5 Bxd5 10. cxd5 Nd4 11. Nxd4 Bxd4 12. Bg5 Ne8 13. Qb3 c6 14. Be3 Bxe3
15. fxe3 cxd5 16. exd5 Nf6 17. Rac1 Rfc8 18. Rc3 Rc7 19. Rfc1 Rac8 20. Qb4 Rxc3
21. Rxc3 Rxc3 22. bxc3 g6 23. c4 b6 24. Qd2 Kg7 25. Qe2 Qf5 26. e4 $11 1/2-1/2

[Event "SR 3. liga A2 2007/2008"]
[Site "?"]
[Date "2007.10.27"]
[Round "3"]
[White "Karlik, L."]
[Black "Zisek, Jaroslav"]
[Result "1/2-1/2"]
[WhiteElo "1839"]
[BlackElo "1922"]
[PlyCount "114"]
[EventDate "2007.??.??"]

1. d4 Nf6 2. c4 e6 3. Nf3 d5 4. Nc3 Nbd7 5. e3 Be7 6. Be2 O-O 7. O-O dxc4 8.
Bxc4 Nb6 9. Be2 c5 10. b3 Nbd5 11. Nxd5 Nxd5 12. Bb2 b6 13. Ne5 Bb7 14. Bf3 Rc8
15. Qd2 Rc7 16. Rfd1 Qb8 17. Qe1 cxd4 18. Bxd4 Nb4 19. Qe2 Nc2 20. Rac1 Nxd4
21. exd4 Rfc8 22. Rxc7 Qxc7 23. h3 Rd8 24. Bxb7 Qxb7 25. Qh5 Bf6 26. f4 g6 27.
Qf3 Qc7 28. Qe4 Rd5 29. Qd3 Bg7 30. Qc4 Qd6 31. Qc8+ Qd8 32. Qxd8+ Rxd8 33. Nc6
Rd7 34. b4 Kf8 35. Kf2 Rc7 36. b5 a6 37. a4 axb5 38. axb5 Rd7 39. Ke3 Rd5 40.
Ra1 Bf6 41. Rb1 g5 42. Kd3 gxf4 43. Kc4 Rg5 44. Rf1 Rf5 45. Rf3 Be7 46. Ne5 Bd6
47. Nd7+ Ke7 48. Nxb6 Bc7 49. Na4 Kd7 50. b6 Bb8 51. Rb3 Kc6 52. Nc5 Rg5 53.
Na6 Kb7 54. Nxb8 Kxb8 55. Rf3 Rf5 56. Kd3 Kb7 57. Ke4 Kxb6 1/2-1/2